000 00328nam a2200133Ia 4500
008 240624s9999 xx 000 0 und d
041 _aeng
082 _a657.0218 GHO
100 _aGHOSH T P
245 _aUNDERSTANDING IFRSS
260 _c2009
_aNew Delhi
_bTaxmann
300 _ai-42, : 1357 : p. : cm. ; 24
365 _cRS
_b25
999 _c13741
_d13741